|
|
|
|
| LEADER |
01043nam a22002897a 4500 |
| 001 |
37670 |
| 003 |
BD-DhAAL |
| 008 |
220210t1992 enka 00100 eng d |
| 999 |
|
|
|c 43483
|d 43483
|
| 020 |
|
|
|a 0304323691 (PBK)
|
| 020 |
|
|
|a 0304323683 (HBK)
|
| 020 |
|
|
|a 9780304323692
|
| 040 |
|
|
|a BD-DhAAL
|
| 082 |
|
|
|a 375.0060942
|
| 100 |
|
|
|a Eggleston, John,
|d 1926-
|9 45673
|
| 245 |
|
|
|a The challenge for teachers /
|c John Eggleston.
|
| 260 |
|
|
|a London :
|b Cassell,
|c c1992.
|
| 300 |
|
|
|a ix, 86 pages ;
|c 22 cm.
|
| 490 |
|
|
|a Introduction to education.
|
| 526 |
|
|
|a BIED
|
| 541 |
|
|
|a Complimentary copy from BIED
|e 37670
|
| 650 |
|
|
|a Teachers
|z Great Britain.
|9 45675
|
| 650 |
|
|
|a Education.
|9 45676
|
| 830 |
|
|
|a Introduction to education.
|9 45674
|
| 852 |
|
|
|a Ayesha Abed Library
|c BIED Collection
|
| 942 |
|
|
|2 ddc
|c BK
|
| 952 |
|
|
|0 0
|1 0
|2 ddc
|4 0
|6 375_006094200000000_EGG
|7 0
|9 69754
|a BRACUL
|b BRACUL
|c GEN
|d 2022-02-10
|e Complimentary copy from BIED
|l 0
|o 375.0060942 EGG
|p 3010037670
|r 2022-02-10
|t 1
|w 2022-02-10
|y BK
|x Transferred from BIED to General Stacks
|